Annual digest of statistics 1998 Republik of Mauritius

Gespeichert in:
Bibliographische Detailangaben
Format: Buch
Sprache:Englisch
Veröffentlicht: Port Louis Central Statistical Office 1999
Schlagworte:
Tags: Tag hinzufügen
Keine Tags, Fügen Sie das erste Tag hinzu!

MARC

LEADER 00000nam a2200000 4500
001 c122838
005 20221123132529.3
041 0 |a eng 
044 |a MU 
245 1 0 |a Annual digest of statistics 1998  |b Republik of Mauritius 
264 1 |a Port Louis  |b Central Statistical Office  |c 1999 
300 |a 157 s. 
610 2 0 |a Maurícius